000 00266nam a2200109Ia 4500
008 190216s9999||||xx |||||||||||||| ||und||
100 _aPradeep Kumar
245 0 _aManagement Accounting And Cost Control
260 _bS Chand & Co
_c1978
300 _a306p
942 _cBK
999 _c4720
_d4720